| 000 | 00869cam a22002771 4500 | ||
|---|---|---|---|
| 001 | 9741 | ||
| 003 | BD-RjUL | ||
| 005 | 20211208234829.0 | ||
| 008 | 140121s1960 njua 001 0 eng | ||
| 035 | _a(BD-RjUL)9786 | ||
| 035 | _a(OCoLC)549915 | ||
| 040 |
_aDLC _cODaWU _dBD-RjUL _beng |
||
| 041 | _aeng | ||
| 082 |
_a541.2 _bGRA 1960 |
||
| 100 | 1 |
_aGrunwald, Ernest _d1923-2002. _930116 |
|
| 245 | 1 | 0 |
_aAtoms, molecules, and chemical change / _cErnest Grunwald [and] Russell H. Johnsen. |
| 260 |
_aEnglewood Cliffs ; N.J. : _bPrentice-Hall, _c1960. |
||
| 300 |
_axii, 252 p. : _billus. ; _c21 cm. |
||
| 504 | _aIncludes index. | ||
| 650 | 0 |
_aChemistry, Physical and theoretical. _930117 |
|
| 700 | 1 |
_aJohnsen, Russell H. _ejoint author. _930118 |
|
| 942 |
_2ddc _cBK |
||
| 999 |
_c9741 _d9741 |
||